Khẩu ngữ thương mại
محفوظ في:
| التنسيق: | كتاب |
|---|---|
| منشور في: |
1996
|
| الوسوم: |
إضافة وسم
لا توجد وسوم, كن أول من يضع وسما على هذه التسجيلة!
|
| Thư viện lưu trữ: | Trung tâm Học liệu Lê Vũ Hùng, Trường Đại học Đồng Tháp |
|---|
| LEADER | 00483pam a22001818a 4500 | ||
|---|---|---|---|
| 001 | 00039679 | ||
| 005 | 20171026081025.0 | ||
| 008 | 170520s1996 ||||||Viesd | ||
| 041 | 0 | # | |a Vie |
| 082 | 1 | 4 | |a 495.1 |b KH125NG |
| 245 | 1 | 0 | |a Khẩu ngữ thương mại |
| 260 | # | # | |c 1996 |
| 300 | # | # | |a 514 tr. |c 21 cm. |
| 852 | # | # | |b Kho đọc |j KD.1002567 |
| 910 | |d 20/05/2017 | ||
| 980 | # | # | |a Trung tâm Học liệu Lê Vũ Hùng, Trường Đại học Đồng Tháp |